The Birth of the English Common Law : (Record no. 619876)

MARC details
000 -LEADER
fixed length control field 00515nam a2200193 a 4500
008 - FIXED-LENGTH DATA ELEMENTS--GENERAL INFORMATION
fixed length control field 260424s1988##################000#0#eng##
020 ## - INTERNATIONAL STANDARD BOOK NUMBER
ISBN 9780521356824
082 04 - DEWEY DECIMAL CLASSIFICATION NUMBER
Classification number 344.2009CAE
100 1# - MAIN ENTRY--AUTHOR NAME
Personal name Caenegem, R. C. van,
245 10 - TITLE STATEMENT
Title The Birth of the English Common Law :
260 ## - PUBLICATION, DISTRIBUTION, ETC. (IMPRINT)
Name of publisher Cambridge University Press,
Year of publication 1988.
300 ## - PHYSICAL DESCRIPTION
Number of Pages 184 pages
650 #0 - SUBJECT ADDED ENTRY--TOPICAL TERM
Topical Term Law.
942 ## - ADDED ENTRY ELEMENTS (KOHA)
Koha item type English Books
Holdings
Withdrawn status Lost status Damaged status Not for loan Home library Current library Date acquired Full call number Accession Number Price effective from Koha item type
        Anna Centenary Library Anna Centenary Library 24.04.2026 344.2009CAE 237258 24.04.2026 English Books

Find us on the map